La subcontratación de las grandes empresas de la confección en la zona metropolitana de la ciudad de México /

En este artículo se presenta un panorama general de la subcontratación que se tiene en algunas unidades fabriles de confección, como respuesta a la fuerte competencia generada por la internacionalización de los mercados. Dichas industrias utilizan como estrategia el proceso de subcontratación, ya qu...

Popoln opis

Shranjeno v:
Bibliografske podrobnosti
Glavni avtor: Alvarado Rosas, Concepción
Drugi avtorji: Vieyra Medrano, Antonio
Format: Texto
Teme:
Oznake: Označite
Brez oznak, prvi označite!

MARC

LEADER 00000 a a2200000 04500
001 42383
003
040
100 |a Alvarado Rosas, Concepción  
245 |a La subcontratación de las grandes empresas de la confección en la zona metropolitana de la ciudad de México /  |c Concepción Alvarado Rosas; Antonio Vieyra Medrano  
520 |a En este artículo se presenta un panorama general de la subcontratación que se tiene en algunas unidades fabriles de confección, como respuesta a la fuerte competencia generada por la internacionalización de los mercados. Dichas industrias utilizan como estrategia el proceso de subcontratación, ya que les permite descentralizar su actividad y, por lo tanto, segmentarla. La subcontratación proporciona a las grandes empresas ciertos beneficios como son: la disminución en los costos de producción y un incremento sustancial de las ganancias. ROSAS/RandallRA  
650 |a SUBCONTRATACION  
650 |a INDUSTRIA DEL ENSAMBLAJE  
650 |a DESCENTRALIZACION  
650 |a INDUSTRIA TEXTIL  
650 |a INDUSTRIA DEL ENSAMBLAJE  
700 |a Vieyra Medrano, Antonio  
773 |g volumen33, número130 (2002), páginas 63-90  
999 |c 21247  |d 21247